| 000 | 00939nam a22002537a 4500 | ||
|---|---|---|---|
| 005 | 20241007124300.0 | ||
| 008 | 240514b |||||||| |||| 00| 0 spa d | ||
| 040 |
_aMX-MxUPN _bspa |
||
| 041 | 0 | _aspa | |
| 050 | 4 |
_aHQ562.15 C5 _bN54 1978 |
|
| 100 | 1 |
_953909 _aNieto, Olga |
|
| 100 | 1 |
_953910 _aAragón, Gabriela |
|
| 100 | 1 |
_953912 _aPérez, Federico |
|
| 100 | 1 |
_953913 _aLozoya, Carolina |
|
| 100 | 1 |
_953914 _aFontanot, Gina |
|
| 245 | 1 | 0 | _aInvestigación sobre la estructura y dinamica de la familia en una colonia suburbana, a traves de un programa de orientación familiar |
| 260 |
_aMéxico : _bCongreso Internacional de educación, _c1978. |
||
| 300 | _a14 hojas | ||
| 650 | 4 |
_925166 _aFamilias _zCiudad de México |
|
| 650 | 2 |
_96399 _aOrientación familiar |
|
| 711 | 2 |
_929007 _aCongreso Internacional de Educación _n(22o : _d1978 : _cMéxico) |
|
| 902 |
_aMarielOrtiz/140524 _bVíctorGodínez(071024 |
||
| 942 |
_2lcc _cFOLL |
||
| 999 |
_c211238 _d211238 |
||